| 000 | 00500 a2200169 4500 | ||
|---|---|---|---|
| 999 |
_c327 _d327 |
||
| 020 | _a0748760091 | ||
| 050 | _aBJ1012 CLA 2002 | ||
| 100 |
_aClarke, Patrick J. _eauthor |
||
| 245 |
_aExamining philosophy and ethics : _banswers for A Level / _cPatrick J. Clarke |
||
| 264 |
_aCheltenham : _bNelson Thornes Ltd, _c2002 |
||
| 300 |
_avii, 192p. : _bill. |
||
| 500 | _aIncludes index | ||
| 650 | _aEthics | ||
| 650 | _aPhilospphy and ethics | ||
| 650 |
_aReligion _xEthics |
||
| 942 |
_2lcc _cBK _h1012 _iCLA _kBF |
||